Wilhelm Busch Spruchweisheiten (Record no. 7333)

MARC details
000 -CABECERA
campo de control de longitud fija 00590nam a2200229 a 4500
001 - NÚMERO DE CONTROL
campo de control BRCA_7659
005 - FECHA Y HORA DE LA ÚLTIMA TRANSACCIÓN
campo de control 20190320205931.0
008 - DATOS DE LONGITUD FIJA--INFORMACIÓN GENERAL
campo de control de longitud fija 260713s1956----gw-a######---#000-0#ger-#
040 ## - FUENTE DE LA CATALOGACIÓN
Centro catalogador/agencia de origen ger
041 ## - CÓDIGO DE LENGUA
Código de lengua del texto/banda sonora o título independiente gw
050 #4 - SIGNATURA TOPOGRÁFICA DE LA BIBLIOTECA DEL CONGRESO
Número de clasificación PT2603
Número de documento/Ítem .B35 1956
100 1# - ENTRADA PRINCIPAL--NOMBRE DE PERSONA
Nombre de persona Balzer, Hans
9 (RLIN) 18891
245 10 - MENCIÓN DE TÍTULO
Título Wilhelm Busch Spruchweisheiten
Mención de responsabilidad, etc. Hans Balzer.
260 ## - PUBLICACIÓN, DISTRIBUCIÓN, ETC.
Lugar de publicación, distribución, etc. Frankfurt
Nombre del editor, distribuidor, etc. Nest
Fecha de publicación, distribución, etc. 1956
300 ## - DESCRIPCIÓN FÍSICA
Extensión 271 p.
Otras características físicas il.
Dimensiones 23 cm.
500 ## - NOTA GENERAL
Nota general T79
504 ## - NOTA DE BIBLIOGRAFÍA, ETC.
Nota de bibliografía, etc. Bibliografía p. 267
600 14 - PUNTO DE ACCESO ADICIONAL DE MATERIA--NOMBRE DE PERSONA
Nombre de persona Busch, Wilhelm
Fechas asociadas al nombre 1832-1908
9 (RLIN) 18892
650 14 - PUNTO DE ACCESO ADICIONAL DE MATERIA--TÉRMINO DE MATERIA
Término de materia o nombre geográfico como elemento de entrada Autores alemanes
9 (RLIN) 18893
902 ## - CATALOGADOR
Iniciales GFM
942 ## - ELEMENTOS DE PUNTO DE ACCESO ADICIONAL (KOHA)
Fuente del sistema de clasificación o colocación Library of Congress Classification
Tipo de ítem Koha Libros
Holdings
Estado de retiro Estado de pérdida Estado dañado No para préstamo Localización permanente Ubicación/localización actual Fecha de adquisición Número de inventario Total de préstamos Signatura topográfica completa Código de barras Fecha visto por última vez Precio válido a partir de Tipo de ítem Koha
El ejemplar forma parte de la colección y puede ser consultado según las políticas vigentes.       Biblioteca del Museo Franz Mayer (Rogerio Casas-Alatriste) Biblioteca del Museo Franz Mayer (Rogerio Casas-Alatriste) 25/07/2013 T79   PT2603 .B35 1956 (T79) 8267 22/03/2019 22/03/2019 Libros